Sports Quiz

Random Sports or Country Quiz

World Football Rivalries Quiz Stats

 Plays Quiz not verified by Sporcle

Score 0/40 Timer 12:00
0 Plays Today
Chosen Rival Rival With... % Correct
RangersCeltic
85.5%
InternazionaleAC Milan
80%
Real MadridBarcelona
77.2%
PSV EindhovenAjax
72.4%
RomaLazio
70.3%
River PlateBoca Juniors
66.9%
TorinoJuventus
66.9%
Birmingham CityAston Villa
60.7%
Swansea CityCardiff City
59.3%
HibernianHearts
57.2%
PanathinaikosOlympiakos
57.2%
West Ham UnitedMillwall
53.8%
Slavia PragueSparta Prague
51.7%
CSKA MoscowSpartak Moscow
51%
Melbourne VictorySydney FC
49.7%
ArsenalTottenham Hotspurs
44.8%
BrøndbyFC Copenhagen
44.1%
AnderlechtClub Brugge
43.4%
Kaizer ChiefsOrlando Pirates
42.8%
Rapid ViennaAustria Vienna
42.1%
Chosen Rival Rival With... % Correct
Hapoel HaifaMaccabi Haifa
42.1%
Bayern Munich1860 Munich
41.4%
Dinamo BucharestSteaua Bucharest
40.7%
Hadjuk SplitDinamo Zagreb
40%
Red Star BelgradePartizan Belgrade
38.6%
CSKA SofiaLevski Sofia
36.6%
Derby CountyNottingham Forest
35.9%
Real BetisSevilla
34.5%
PAOK SalonikiAEK Athens
34.5%
GrasshoppersFC Zurich
34.5%
GenoaSampdoria
33.8%
Dinamo KievShakhtar Donetsk
29.7%
Olympique de MarseilleParis Saint-Germain
24.8%
Universidad de ChileColo Colo
23.4%
GlentoranLinfield
22.8%
Shamrock RoversBohemians
19.3%
PalmeirasSao Paulo
17.2%
Fenerbahce SKGalatasaray SK
14.5%
BenficaPorto or Sporting Lisbon
13.1%
Al-AhlyZamalek
11.7%

You're not logged in!

Compare scores with friends on all Sporcle quizzes.
OR
Log In

Show Comments

Extras

Top Quizzes Today


Score Distribution

Your Account Isn't Verified!

In order to create a playlist on Sporcle, you need to verify the email address you used during registration. Go to your Sporcle Settings to finish the process.

Report this User

Report this user for behavior that violates our Community Guidelines.

Details: